[Event "127th NZ Congress 2020"]
[Site "Tauranga"]
[Date "2020.01.20"]
[Round "7.4"]
[White "Hague, Ben"]
[Black "Gong, Daniel Hanwen"]
[Result "1-0"]
[WhiteElo "2399"]
[BlackElo "2276"]
[Annotator "TA"]
[PlyCount "97"]
[EventDate "2020.01.14"]
[EventType "swiss"]
[EventCountry "NZL"]
[SourceTitle "playchess.com"]
[Source "ChessBase"]
[SourceQuality "1"]

{[%evp 9,97,20,55,79,78,52,116,47,52,63,52,48,53,58,56,56,59,60,56,47,47,42,67,62,70,49,79,71,89,89,73,47,68,56,110,45,59,32,41,0,16,-9,25,-66,0,0,61,16,262,270,270,272,271,272,272,268,260,243,358,353,462,437,420,375,446,428,415,407,397,387,514,499,512,460,441,303,287,277,303,303,300,293,1691,1717,1660,1702,29970,6420,5551,489]} 1. e4 c5 2. Nf3 g6 3. Bc4 Bg7 4. O-O Nc6 5. c3 Qb6 (5... d6 6. Bb3 Nf6 7. d3 O-O 8. Nbd2 e5 9. Re1 Kh8 10. Nf1 Be6 11. Bg5 h6 12. Bh4 Qd7 13. Ne3 Nh5 14. Ba4 Nf4 15. Bg3 Nh5 {0-1 (41) Artemiev,V (2709)-Guseinov,G (2664) Skopje 2018}) 6. Na3 {B27: Sicilian: 2 Nf3, unusual Black 2nd moves} d6 7. Re1 (7. d4 $5) 7... h6 $146 (7... Nf6 $14) ({Predecessor:} 7... Bd7 8. Bb3 Na5 9. Bc2 e5 10. Rb1 Ne7 11. b4 cxb4 12. cxb4 Nac6 13. Nc4 {1-0 (42) Harandi,K (2354)-Zilbert,O (2208) Marianske Lazne 2016}) 8. Bb3 (8. d4 $16) 8... Bg4 $14 9. h3 Bxf3 $1 10. Qxf3 Nf6 11. d3 O-O 12. Nc4 Qc7 13. a4 Kh7 14. Bf4 Nd7 15. Qe2 Nde5 16. Ne3 e6 17. Bg3 Na5 18. Ba2 Nec6 19. Rac1 {Hoping for b4!} Qd7 20. Qd1 a6 21. f4 Ne7 {[#]} ({Better is} 21... h5 $14) 22. d4 ({White should play} 22. f5 $1 $16) 22... cxd4 23. cxd4 d5 24. e5 b5 25. Bh4 $36 {[%mdl 2048] White has the initiative.} Nec6 26. Ng4 (26. axb5 $11 axb5 27. Bb1) 26... Qa7 (26... bxa4 $15 27. Qxa4 Rfb8) 27. Bf2 $11 Rac8 ({Black should try} 27... Rab8 $11) 28. Bb1 Nb4 $2 {[#]} (28... bxa4 $11 29. Qxa4 Qb6) 29. Rxc8 $1 $18 Rxc8 30. h4 Nc4 31. h5 Qe7 32. axb5 axb5 33. Qe2 Rc6 (33... Qe8 $142 34. Nf6+ Bxf6) 34. Nh2 Qe8 35. Nf3 Kg8 36. Rf1 gxh5 37. Be1 Na6 38. b3 Na3 39. Bd3 Nc7 40. f5 exf5 41. Nh4 f4 42. Qxh5 Nc2 43. Bf2 Ne3 44. Bxe3 $1 fxe3 45. Qf5 e2 $2 (45... Kf8 46. Ng6+ (46. Qh7 Qe7 $18) 46... Kg8) 46. Qh7+ Kf8 47. Bxe2 Qd7 48. Bh5 Ne6 49. Ng6+ {Accuracy: White = 64%, Black = 38%.} 1-0

[Event "127th NZ Congress 2020"]
[Site "Tauranga"]
[Date "2020.01.20"]
[Round "7.6"]
[White "Sandler, Leonid"]
[Black "Garbett, Paul Anthony"]
[Result "1/2-1/2"]
[WhiteElo "2226"]
[BlackElo "2185"]
[Annotator "TA"]
[PlyCount "31"]
[EventDate "2020.01.14"]
[EventType "swiss"]
[EventCountry "NZL"]
[SourceTitle "playchess.com"]
[Source "ChessBase"]
[SourceQuality "1"]

{[%evp 15,31,10,21,27,35,19,21,18,18,10,10,16,16,13,13,8,21,0]} 1. d4 Nf6 2. c4 e6 3. Nf3 d5 4. Nc3 Be7 5. Bg5 Nbd7 6. e3 h6 7. Bh4 O-O 8. Qc2 c5 9. dxc5 {D61: Queen's Gambit Declined: Classical: 7 Qc2} (9. cxd5 Nxd5 10. Bxe7 Nxe7 11. Rd1 Qa5 12. Be2 Nd5 13. O-O Nxc3 14. Qxc3 Qxc3 15. bxc3 b6 16. Bb5 cxd4 17. cxd4 Nf6 {0-1 (61) Kryakvin,D (2596)-Sjugirov,S (2665) Moscow 2019}) 9... Qa5 10. cxd5 Nxd5 {The position is equal.} 11. Bxe7 Nxe7 12. Be2 Qxc5 13. O-O Nf6 14. Rac1 Bd7 15. Rfd1 {Black should prevent Nd5.} Rfc8 16. Bd3 $146 ({Predecessor:} 16. Qb3 Qa5 17. h3 Rc7 18. Nb5 Bxb5 19. Bxb5 Rxc1 20. Rxc1 Rc8 21. Rxc8+ Nxc8 {½-½ (21) Sofrevski,J-Trifunovic,P Zagreb 1961}) 1/2-1/2

[Event "127th NZ Congress 2020"]
[Site "Tauranga"]
[Date "2020.01.20"]
[Round "7.7"]
[White "Van Riemsdijk, Herman C."]
[Black "Cilia Vincenti, David"]
[Result "1-0"]
[WhiteElo "2260"]
[BlackElo "2070"]
[Annotator "TA"]
[PlyCount "97"]
[EventDate "2020.01.14"]
[EventType "swiss"]
[EventCountry "NZL"]
[SourceTitle "playchess.com"]
[Source "ChessBase"]
[SourceQuality "1"]

{[%evp 9,97,30,34,34,27,30,39,41,39,20,28,8,22,-5,38,-42,8,-13,-14,-9,9,0,0,-7,10,0,37,-1,26,8,85,89,167,162,171,166,197,206,200,192,177,163,172,89,89,90,83,87,92,82,90,95,201,197,177,156,167,171,164,160,278,169,465,465,459,459,430,429,416,417,408,188,189,188,713,188,679,188,188,188,4622,4622,4610,4610,4562,4005,1573,1495,1183,1039]} 1. e4 e5 2. Nf3 Nc6 3. Bb5 Nge7 4. c3 a6 5. Ba4 g6 6. d4 {C70: Ruy Lopez: 3...a6 4 Ba4, Norwegian and Delayed Schliemann} exd4 7. cxd4 b5 8. Bb3 {White is slightly better.} Bg7 9. O-O O-O (9... d6 10. d5 Na5 11. Bc2 c5 12. Nc3 O-O 13. h3 {1-0 (86) Nakamura,H (2761)-Nepomniachtchi,I (2773) Abidjan 2019}) 10. Bg5 h6 11. Bh4 g5 $146 ({Predecessor:} 11... d6 12. h3 Na5 13. Bc2 g5 14. Bg3 f5 15. exf5 Bxf5 {0-1 (56) Spicak,K (1904)-Masternak,A (2188) Katowice 2017}) 12. Bg3 (12. Bxg5 $1 $14 hxg5 13. Nxg5) 12... Na5 13. Bc2 d6 14. Nc3 f5 15. exf5 Bxf5 16. h3 Bxc2 17. Qxc2 Nf5 18. Rad1 Nxg3 19. fxg3 Qd7 {[#]} (19... d5 $1 $11 {remains equal.}) 20. Nd5 $1 $16 Nc4 {[#]} (20... Rae8 $16) 21. Rde1 $1 $18 Rae8 {[#] With the idea ...c6.} 22. Qg6 $1 {[%mdl 512]} Rxe1 23. Rxe1 {White wants to mate with Re7.} Qf7 24. Ne7+ Kh8 25. Qe4 d5 26. Nxd5 (26. Qg6 $18) 26... Nd6 $16 27. Qe6 Qxe6 28. Rxe6 Nf5 29. Ne7 Nxe7 30. Rxe7 {[%mdl 4096] Endgame KRB-KRN} c5 (30... Rc8 $16 {keeps fighting.}) 31. dxc5 $18 Bxb2 32. Re6 Kg7 33. Rxa6 Rc8 34. c6 Bc3 (34... Kf7 $16 {was called for.} 35. Rb6 Bc3) 35. g4 Rc7 $2 (35... Kf7 36. Kf1 Bg7) 36. Kf2 Kf6 37. Ke3 Ke6 38. Nd4+ Bxd4+ 39. Kxd4 {And now Kc5 would win. KR-KR} Kd6 40. Rb6 (40. Ke4 $142) 40... Ra7 41. Rxb5 Rxa2 $2 (41... Ra4+ 42. Ke3 Rxa2) 42. Rf5 $2 (42. Rc5 {Black must now prevent c7.} Kc7 43. Rf5) 42... Kxc6 $2 (42... Ra4+ 43. Kd3 Ra3+ 44. Kc4 Kxc6 45. Rf6+ {[%mdl 64] Double Attack} Kd7 46. Rxh6 Ke7) 43. Rf6+ $2 (43. Ke5 Re2+ 44. Kf6) 43... Kd7 44. Rxh6 Rxg2 $2 (44... Ke7 45. Rg6 Ra5) 45. Ke5 {White is clearly winning.} Rf2 46. Rf6 Rh2 47. Rf3 Ra2 48. Kf6 Ra5 49. Kf7 {Accuracy: White = 38%, Black = 33%.} 1-0

[Event "127th NZ Congress 2020"]
[Site "Tauranga"]
[Date "2020.01.20"]
[Round "7.8"]
[White "Smith, Robert W"]
[Black "Milligan, Helen"]
[Result "1/2-1/2"]
[WhiteElo "2160"]
[BlackElo "1940"]
[Annotator "TA"]
[PlyCount "141"]
[EventDate "2020.01.14"]
[EventType "swiss"]
[EventCountry "NZL"]
[SourceTitle "playchess.com"]
[Source "ChessBase"]
[SourceQuality "1"]

{[%evp 9,141,7,10,-11,-8,-15,-6,-16,0,-14,0,0,10,3,8,0,4,-13,-7,-19,0,-9,43,30,38,12,33,8,31,30,31,32,34,35,50,41,45,21,28,22,21,18,27,30,41,32,29,28,20,8,62,51,56,29,38,39,31,26,70,44,41,48,48,49,54,54,66,54,85,75,92,87,89,51,54,54,54,54,174,54,54,54,54,7,56,54,79,8,41,0,17,22,40,47,373,315,315,315,307,300,297,285,225,188,175,145,585,79,84,67,84,93,1006,0,0,0,0,0,0,0,0,0,0,0,0,0,0,0,0,0,0,0,0,0]} 1. b3 e5 2. Bb2 d6 3. c4 Nf6 (3... g6 4. Nc3 Bg7 5. g3 Nf6 6. Bg2 O-O 7. e3 c6 8. d4 exd4 9. Qxd4 Bf5 10. Qd2 Nbd7 11. Nge2 Ne5 12. O-O Bh3 13. Rad1 Bxg2 14. Kxg2 Qa5 15. Qxd6 {1-0 (28) Hou,Y (2658)-Inarkiev,E (2732) Petropavlovsk Kamchatsky 2016}) 4. d3 Nc6 5. Nf3 g6 6. Nbd2 {A01: Nimzowitsch-Larsen Opening} Bg7 7. e3 O-O 8. Be2 Qe7 9. Qc2 a5 10. a3 Bd7 11. O-O Rae8 $146 ({Predecessor:} 11... Ne8 12. Ne4 {1-0 (35) Fuchs,J (2326)-Mar,K (2045) Germany 2018}) 12. Rfd1 h6 13. Rac1 Nh7 14. Ne4 {[%cal Bd2e4,Be4c3,Bc3d5][%mdl 32]} f5 15. Nc3 $1 Nf6 (15... g5 $11) 16. Nd5 $14 Qd8 17. Nd2 Ne7 18. Bf3 c6 19. Nxf6+ Bxf6 20. b4 axb4 21. axb4 Kh7 22. Qb3 Be6 23. b5 Qd7 24. Ra1 Ra8 25. Qb4 g5 26. h3 Ng6 27. Rxa8 Rxa8 28. bxc6 bxc6 29. Qb6 Rc8 (29... d5 $11) 30. Ra1 Bd8 31. Qa6 Nh4 32. Be2 Rb8 33. Bc3 c5 34. g3 Ng6 35. Bf3 Ne7 36. Qa7 Qxa7 37. Rxa7 Kg6 38. g4 Nc8 39. Ra6 Bb6 40. gxf5+ Bxf5 41. Bg4 Ne7 $1 42. Ne4 Bxe4 43. dxe4 Ng8 {[#]} (43... Nc6 $14) 44. Be6 (44. f4 $1 $18 {[%cal Rf4e5]} gxf4 45. exf4 exf4 46. e5) 44... Nf6 45. f3 Ne8 46. Bd5 Nf6 47. Kf2 Ne8 48. Kg3 (48. Bc6 $16 Kf7 49. Ke2) 48... h5 (48... Nc7 $5 {[%cal Rc7a6]} 49. Ra4 Nxd5 50. exd5 Bd8 $11) 49. f4 gxf4+ 50. exf4 exf4+ 51. Kxf4 {Strongly threatening Ra1.} Nf6 $2 {[%mdl 8192]} (51... Nc7 $14 52. Ra3 Nxd5+ 53. cxd5 (53. exd5 Bd8 $15) 53... Bd8) 52. e5 Nxd5+ 53. cxd5 dxe5+ 54. Bxe5 $18 {[%mdl 4096] Endgame KRB-KRB} Rb7 55. Ke4 Kf7 56. Kf5 c4 57. Ra4 Bd8 $2 {[%mdl 8192] [#]} (57... Bc5 $16 58. Rxc4 Rb5) 58. Rxc4 $2 (58. Ra8 $1 $18 {[%cal Ra8d8] and the rest is easy.} Rd7 59. d6) 58... Rb1 59. d6 {Rc8 is the strong threat.} Rf1+ 60. Bf4 {Black must now prevent Rb4.} Rd1 $2 {[%mdl 8192]} (60... Rb1 $16) 61. Rc7+ $2 ({White has to play} 61. Rc8 $18 Ba5 62. Rc5) 61... Bxc7 $11 {The position is equal.} 62. dxc7 {KR-KB} Rd5+ 63. Ke4 Rc5 64. Kd4 Rc2 65. Kd5 Ke7 66. h4 Kd7 67. Ke4 Ke6 68. Kd3 Rc6 69. Ke4 Rc2 70. Kd3 Rc6 71. Ke4 {Accuracy: White = 49%, Black = 37%.} 1/2-1/2

[Event "127th NZ Congress 2020"]
[Site "Tauranga"]
[Date "2020.01.20"]
[Round "7.9"]
[White "Reilly, Tim"]
[Black "Winter, Ryan"]
[Result "1-0"]
[WhiteElo "2098"]
[BlackElo "1862"]
[Annotator "NA RC"]
[PlyCount "80"]
[EventDate "2020.01.14"]
[EventType "swiss"]
[EventCountry "NZL"]
[SourceTitle "playchess.com"]
[Source "ChessBase"]
[SourceQuality "1"]
[TimeControl "40/5400+30:1800+30"]

{[%evp 21,77,0,34,16,30,15,32767,8,32767,-13,2,-52,20,7,14,2,0,0,17,0,0,0,23,-3,-3,-6,-4,32767,-8,32767,32767,32767,32767,32767,32767,-70,32767,-27,0,0,0,0,87,74,72,88,83,90,85,83,66,72,70,84,155,154,156,156]} 1. d4 {[%emt 0:00:00]} Nf6 {[%emt 0:00:00]} 2. c4 {[%emt 0:00:00]} e6 {[%emt 0:00:21]} 3. Nc3 {[%emt 0:00:00]} Bb4 {[%emt 0:00:00]} 4. e3 {[%emt 0:00:36]} O-O {[%emt 0:00:57]} 5. Bd3 {[%emt 0:00:12]} d5 {[%emt 0:04:49]} 6. Nge2 {[%emt 0:01:12]} dxc4 {[%emt 0:05:56]} 7. Bxc4 {[%emt 0:00:10]} e5 {[%emt 0:00:11]} 8. O-O {[%emt 0:02:27]} Nc6 {[%emt 0:02:09]} 9. a3 {[%emt 0:02:50] E48: Nimzo-Indian: Rubinstein: 5 Bd3 d5 including 6 Ne2, but excluding 6 a3} Bd6 {[%emt 0:01:41]} 10. d5 {[%emt 0:16:39]} Ne7 {[%emt 0:04:03]} 11. e4 {[%emt 0:01:00]} Ng6 {[%emt 0:17:34]} 12. b4 {[%emt 0:02:02]} a6 {[%emt 0:17:06]} 13. Ng3 $146 {[%emt 0:09:17]} ({Predecessor:} 13. f3 Nh5 14. Be3 Nhf4 15. Kh1 h5 16. g3 Nh3 {½-½ (65) Turov,M (2546)-Sakaev,K (2639) Linares 2001}) 13... Nf4 {[%emt 0:13:29]} 14. Re1 {[%emt 0:03:15]} Bd7 {[%emt 0:02:23]} 15. Qc2 {[%emt 0:05:11]} Re8 {[%emt 0:03:11]} 16. Bb2 {[%emt 0:02:19]} g6 {[%emt 0:03:41]} 17. Nce2 {[%emt 0:10:10]} Nxe2+ {[%emt 0:03:15]} 18. Bxe2 {[%emt 0:04:06]} c6 {[%emt 0:01:39]} 19. dxc6 {[%emt 0:02:04]} Bxc6 {[%emt 0:00:17]} 20. Bc4 {[%emt 0:00:19]} Qe7 {[%emt 0:01:41]} 21. Qd2 {[%emt 0:01:23]} Rad8 {[%emt 0:03:46]} 22. Qe3 {[%emt 0:01:56]} Bc7 {[%emt 0:00:53]} 23. Qg5 {[%emt 0:12:56]} Nd7 {[%emt 0:02:04]} 24. Bc1 {[%emt 0:03:46]} Qxg5 {[%emt 0:01:29]} 25. Bxg5 {[%emt 0:00:06]} Rc8 {[%emt 0:00:10]} 26. Rad1 {[%emt 0:04:36]} Kg7 {[%emt 0:01:54]} 27. Bb3 {[%emt 0:03:26]} Bb6 {[%emt 0:01:46]} 28. Ne2 {[%emt 0:02:55]} (28. Rd6 $11) 28... f6 {[%emt 0:02:54]} 29. Bc1 {[%emt 0:00:09]} Nb8 {[%emt 0:00:27]} 30. Nc3 {[%emt 0:00:38]} Bd4 {[%emt 0:01:16]} 31. Nd5 {[%emt 0:00:24]} Rcd8 {[%emt 0:00:24]} (31... Bxd5 $11 {remains equal.} 32. Bxd5 b5) 32. Nc7 {[%emt 0:00:30]} Re7 $1 {[%emt 0:01:00]} 33. Ne6+ {[%emt 0:00:09]} Rxe6 {[%emt 0:00:04]} 34. Bxe6 {[%emt 0:00:06]} Ba4 {[%emt 0:00:56]} 35. Rd2 {[%emt 0:02:58]} Re8 {[%emt 0:00:34]} 36. Bd5 {[%emt 0:00:23]} Bc3 {[%emt 0:00:52]} 37. Bxb7 {[%emt 0:00:26]} Bxd2 {[%emt 0:00:38]} (37... Re7 $142 38. Bd5 Nc6) 38. Bxd2 {[%emt 0:00:06]} Rd8 {[%emt 0:01:00]} 39. Be3 $16 {[%emt 0:00:28]} Rd3 {[%emt 0:01:15]} 40. Rc1 {[%emt 0:00:00]} Rxa3 {[%emt 0:02:15]} 1-0

[Event "127th NZ Congress 2020"]
[Site "Tauranga"]
[Date "2020.01.20"]
[Round "7.10"]
[White "Dowden, R.A. Tony"]
[Black "Ning, Isabelle Yixuan"]
[Result "1-0"]
[WhiteElo "2056"]
[BlackElo "1662"]
[Annotator "NA RC"]
[PlyCount "101"]
[EventDate "2020.01.14"]
[EventType "swiss"]
[EventCountry "NZL"]
[SourceTitle "playchess.com"]
[Source "ChessBase"]
[SourceQuality "1"]
[TimeControl "40/5400+30:1800+30"]

{[%evp 8,81,9,21,41,4,8,0,32767,32767,32767,32767,32767,32767,32767,32767,32767,57,56,75,88,75,136,32767,69,62,71,32767,32767,39,45,27,65,72,69,58,64,49,102,99,96,100,91,81,136,147,32767,32767,32767,32767,32767,32767,32767,32767,32767,32767,149,32767,32767,32767,189,237,228,227,484,417,389,412,516,523,648,698,714,828,840,775]} 1. Nf3 {[%emt 0:00:00]} Nf6 {[%emt 0:00:00]} 2. c4 {[%emt 0:00:00]} g6 {[%emt 0:00:00]} 3. g3 {[%emt 0:00:00]} Bg7 {[%emt 0:00:00]} 4. Bg2 {[%emt 0:00:00]} O-O {[%emt 0:00:00]} 5. Nc3 {[%emt 0:00:00]} d6 {[%emt 0:00:33]} 6. d3 {[%emt 0:00:12]} c5 {[%emt 0:01:24]} 7. O-O {[%emt 0:00:30]} Nc6 {[%emt 0:02:19]} 8. a3 {[%emt 0:02:14]} a6 {[%emt 0:10:16]} 9. Rb1 {[%emt 0:00:19]} Qc7 {[%emt 0:02:13] A38: Symmetrical English vs ...g6: 4 Bg2 Bg7 5 Nf3 Nf6} (9... Rb8 10. b4 cxb4 11. axb4 b5 12. cxb5 axb5 13. Bd2 Bd7 14. Qc1 Re8 15. Bh6 Bh8 16. h3 d5 17. d4 Bf5 18. Rb3 Ne4 19. Nxe4 dxe4 20. Qxc6 exf3 21. Qxf3 Qxd4 {½-½ (62) Ragger,M (2672)-Giri,A (2732) Warsaw 2013}) 10. b4 {[%emt 0:06:15]} cxb4 {[%emt 0:02:28]} 11. axb4 {[%emt 0:01:50]} Bd7 {[%emt 0:03:48]} 12. b5 {[%emt 0:11:53]} axb5 $146 {[%emt 0:01:55]} ({Predecessor:} 12... Nd8 13. Bg5 e6 14. Qd2 axb5 15. Nxb5 Bxb5 16. Rxb5 Nd7 17. Rfb1 {1-0 (32) Gemy Vargas,J (2383)-Bezerra,F (1899) Rio Branco 2017}) 13. Nxb5 {[%emt 0:04:53]} Qa5 {[%emt 0:03:56]} 14. Bd2 {[%emt 0:10:56]} Qa4 {[%emt 0:02:24]} 15. Nc3 {[%emt 0:09:22]} Qxd1 {[%emt 0:05:50]} 16. Rfxd1 {[%emt 0:00:33]} Rfb8 {[%emt 0:02:15]} 17. Ne1 {[%emt 0:06:23]} Nd8 {[%emt 0:14:05]} 18. Rb3 {[%emt 0:11:35]} Bc6 {[%emt 0:02:19]} 19. Rdb1 {[%emt 0:00:14]} Bxg2 {[%emt 0:06:03]} 20. Kxg2 {[%emt 0:01:33]} Nd7 {[%emt 0:07:32]} 21. Nd5 {[%emt 0:07:27]} e6 {[%emt 0:02:53]} 22. Nb6 {[%emt 0:00:46]} Nxb6 {[%emt 0:00:43]} 23. Rxb6 {[%emt 0:00:06]} Ra2 {[%emt 0:08:08]} 24. Nf3 {[%emt 0:04:20]} Bf8 {[%emt 0:01:30]} 25. Kf1 {[%emt 0:01:32]} Rba8 {[%emt 0:04:35]} (25... f6 $142) 26. Bg5 {[%emt 0:01:05]} Ra1 {[%emt 0:03:06]} 27. Bxd8 {[%emt 0:00:13]} Rxb1+ {[%emt 0:00:07]} 28. Rxb1 {[%emt 0:00:06]} Rxd8 {[%emt 0:00:04]} 29. Rxb7 {[%emt 0:00:14]} h6 {[%emt 0:01:46]} 30. d4 {[%emt 0:04:04]} Ra8 {[%emt 0:03:29]} 31. e3 {[%emt 0:02:24]} Kg7 {[%emt 0:03:01]} 32. g4 {[%emt 0:00:35]} g5 {[%emt 0:01:09]} 33. h4 {[%emt 0:01:24]} Kg6 {[%emt 0:01:18]} (33... gxh4 $16 {was necessary.} 34. Nxh4 Rc8) 34. h5+ {[%emt 0:00:10]} Kf6 {[%emt 0:00:11]} 35. Nd2 {[%emt 0:00:29]} e5 $2 {[%emt 0:01:27]} (35... Kg7 36. Ke2 Ra2) 36. Ne4+ {[%emt 0:00:54]} Kg7 {[%emt 0:00:16]} 37. d5 {[%emt 0:00:32]} Ra1+ {[%emt 0:01:06]} 38. Ke2 {[%emt 0:00:52]} Rg1 {[%emt 0:01:10]} 39. Ng3 {[%emt 0:01:01]} Rc1 {[%emt 0:01:14]} 40. Rc7 {[%emt 0:00:00]} Rc2+ $18 {[%emt 0:00:00]} 41. Kf3 {[%emt 0:00:34]} Kg8 {[%emt 0:05:19]} 42. Rc8 {[%emt 0:02:49]} f6 {[%emt 0:01:14]} 43. Rc7 {[%emt 0:00:25]} Ra2 {[%emt 0:04:50]} 44. Ne4 {[%emt 0:00:52]} Bg7 {[%emt 0:00:45]} 45. Nxd6 {[%emt 0:00:34]} Rd2 {[%emt 0:01:42]} 46. Rc8+ {[%emt 0:03:20]} Bf8 {[%emt 0:01:13]} 47. Ne4 {[%emt 0:00:20]} Rc2 {[%emt 0:00:30]} 48. d6 {[%emt 0:00:56]} Kf7 {[%emt 0:01:50]} 49. c5 {[%emt 0:02:35]} Rc1 {[%emt 0:02:00]} 50. c6 {[%emt 0:02:15]} Rd1 {[%emt 0:01:53]} 51. Rd8 {[%emt 0:33:54]} 1-0

[Event "127th NZ Congress 2020"]
[Site "Tauranga"]
[Date "2020.01.21"]
[Round "8.1"]
[White "Hague, Ben"]
[Black "Fernandez, Daniel Howard"]
[Result "0-1"]
[WhiteElo "2399"]
[BlackElo "2451"]
[Annotator "TA"]
[PlyCount "60"]
[EventDate "2020.01.14"]
[EventType "swiss"]
[EventCountry "NZL"]
[SourceTitle "playchess.com"]
[Source "ChessBase"]
[SourceQuality "1"]

{[%evp 10,60,56,43,52,18,27,13,29,4,41,20,47,50,48,42,50,46,43,27,46,48,59,0,0,0,0,0,0,0,13,-35,-34,-50,-37,-249,-255,-247,-254,-251,-251,-259,-258,-252,-262,-254,-255,-342,-343,-342,-344,-327,-341]} 1. e4 g6 2. d4 Bg7 3. Nc3 d6 4. Be3 a6 5. f4 b5 6. Be2 Nd7 {B06: Modern Defence} (6... b4 7. Na4 Bb7 8. Bf3 Nf6 9. e5 Nd5 10. Bd2 Bc6 11. c4 bxc3 12. Nxc3 dxe5 13. Nxd5 Bxd5 14. dxe5 {1-0 (56) Palac,M (2600)-Indjic,A (2560) Lisbon 2017}) 7. e5 Nh6 8. Bf3 Rb8 {The position is equal.} 9. Nge2 Bb7 $146 ({Predecessor:} 9... Nb6 10. Bf2 O-O 11. h3 f6 12. exf6 exf6 13. O-O d5 14. b3 {½-½ (29) Jorgensen,P (2380)-Berger,M (2244) ICCF email 2010}) 10. Ng3 Nb6 11. Bxb7 Rxb7 12. Qf3 Rb8 13. O-O {Black must now prevent f5.} Qc8 14. a4 Qb7 15. axb5 axb5 16. Nxb5 {Strongly threatening f5.} (16. Nce4 {with more complications.} Nd5 17. c3 O-O 18. Bd2 e6 19. Nh1) 16... Nc4 $1 {[%cal Rc4e3]} 17. Na3 Qxf3 18. Rxf3 Nxe3 19. Rxe3 Rxb2 20. Rc3 c5 21. dxc5 {aiming for Nc4.} dxe5 22. Nc4 $2 (22. fxe5 $15 Bxe5 23. Rd3) 22... exf4 $19 {[%mdl 64] [#] Discovered Attack} 23. Ra8+ Kd7 24. Rd3+ {Black has a decisive advantage.} Kc6 25. Ra6+ Kb5 ({Not} 25... Kxc5 26. Nxb2 fxg3 27. Ra5+ Kb4 28. Ra4+ Kb5 29. Rb3+ Kc6 30. hxg3 $16) 26. Nxb2 {[#] Threatens to win with Rb6+.} Kxa6 27. Ra3+ Kb5 28. Ne2 Bxb2 29. Rb3+ Kxc5 30. Rxb2 e5 {Accuracy: White = 34%, Black = 60%.} 0-1

[Event "127th NZ Congress 2020"]
[Site "Tauranga"]
[Date "2020.01.21"]
[Round "8.2"]
[White "Papin, Vasily"]
[Black "Polishchuk, Kirill"]
[Result "1/2-1/2"]
[WhiteElo "2481"]
[BlackElo "2151"]
[Annotator "TA"]
[PlyCount "91"]
[EventDate "2020.01.14"]
[EventType "swiss"]
[EventCountry "NZL"]
[SourceTitle "playchess.com"]
[Source "ChessBase"]
[SourceQuality "1"]

{[%evp 13,91,28,28,22,30,35,33,19,19,4,40,59,79,88,74,81,91,97,99,93,96,115,105,112,107,112,94,94,112,106,142,145,158,120,163,162,168,116,129,73,69,76,106,72,84,53,39,34,62,5,5,5,5,13,95,12,25,0,0,0,0,0,0,0,0,0,0,0,0,0,0,0,0,0,0,0,0,0,0,0]} 1. d4 d5 2. c4 c6 3. Nf3 Nf6 4. Nbd2 e6 5. e3 Nbd7 6. b3 Bd6 7. Bb2 O-O 8. Bd3 {D30: Queen's Gambit Declined: Systems without Nc3} c5 (8... Qe7 9. Ne5 Ba3 10. Bxa3 Qxa3 11. f4 c5 12. O-O cxd4 13. exd4 b6 14. f5 exf5 15. Bxf5 Nxe5 16. dxe5 Bxf5 17. exf6 {0-1 (57) Riazantsev,A (2639)-Vokhidov,S (2526) Moscow 2019}) 9. O-O b6 10. Ne5 $146 {White is slightly better.} ({Predecessor:} 10. cxd5 exd5 11. Ne5 Bb7 12. f4 {½-½ (52) Hoefelsauer,T (2282)-Boehm,J (2158) Munich 2013}) 10... Bb7 11. f4 Ne4 12. cxd5 exd5 13. Nxe4 dxe4 14. Bc4 Nf6 15. Qe2 Bd5 16. Rad1 Bxc4 17. Nxc4 {Hoping for dxc5.} Qe7 18. Nxd6 Qxd6 19. dxc5 Qxc5 20. Bxf6 gxf6 21. Rd4 $1 Rae8 22. Rfd1 Kh8 23. Qb2 Qh5 24. Rd7 Re6 25. R1d5 (25. b4 $18) 25... Qh4 $16 {[%cal Rh4e1]} 26. g3 (26. Qe2 $142 $1 Rc6 27. Rxa7) 26... Qg4 27. Rc7 b5 28. Qg2 Ra6 29. h3 Qe6 $1 {[%cal Re6d5]} 30. Rcd7 Rc8 31. f5 ({White should try} 31. Kh2 $14) 31... Rc1+ $11 32. Kh2 Qc6 {White must now prevent ...Rc2.} 33. Rd2 Kg7 {[#]} 34. R7d4 (34. a4 $1 $16 {[%mdl 512]}) 34... h5 35. Rxe4 Ra1 {The position is equal.} 36. g4 {aiming for a4.} (36. Re7 {feels hotter.} Qxg2+ 37. Kxg2 R6xa2 38. Rxa2 Rxa2+ 39. Kf3) 36... R1xa2 37. gxh5+ Kh6 {And now ...Rxd2 would win.} 38. Rxa2 Rxa2 39. Qxa2 Qxe4 {[%mdl 64] Double Attack} 40. Qxa7 {[%mdl 4096] Endgame KQ-KQ} Qe5+ 41. Kg2 Qe4+ 42. Kg3 Qe5+ 43. Kg4 {Threatens to win with Qd4.} Qe4+ 44. Kg3 {White wants to play Qd4.} Qe5+ 45. Kg4 {Strongly threatening Qd4.} Qe4+ 46. Kg3 {Accuracy: White = 46%, Black = 63%.} 1/2-1/2

[Event "127th NZ Congress 2020"]
[Site "Tauranga"]
[Date "2020.01.21"]
[Round "8.3"]
[White "Ker, Anthony F"]
[Black "Johansen, Darryl K"]
[Result "1/2-1/2"]
[WhiteElo "2302"]
[BlackElo "2371"]
[Annotator "TA"]
[PlyCount "26"]
[EventDate "2020.01.14"]
[EventType "swiss"]
[EventCountry "NZL"]
[SourceTitle "playchess.com"]
[Source "ChessBase"]
[SourceQuality "1"]

{[%evp 11,26,-5,10,-29,-13,-34,-23,-23,-23,-35,-27,-37,-41,-52,-33,-78,-17]} 1. e4 c5 2. Nc3 e6 3. f4 a6 4. g3 b5 5. Bg2 Bb7 6. d3 d5 7. e5 {B23: Closed Sicilian: Lines without g3} Ne7 8. Be3 Nf5 9. Bf2 $1 {Black has an edge.} Nc6 10. Nf3 Be7 11. O-O h5 12. Qd2 $146 ({Predecessor:} 12. Ne2 d4 13. c3 Qd7 14. Qd2 Rd8 {0-1 (31) Eminov,O (2248)-Bernadskiy,V (2529) Serik 2017}) 12... Rc8 13. a4 Qb6 (13... b4 $17 14. Ne2 d4) 1/2-1/2